Wrestlers by Picture 20: NWA Mid-Atlantic/WCW in the 80's - Statistics

General Stats
  • This quiz has been taken 50 times
  • The average score is 13 of 16
Answer Stats
Picture Answer % Correct
Ric Flair
100%
Dusty Rhodes
98%
Lex Luger
98%
Ricky Steamboat
94%
Sting
94%
Arn Anderson
91%
Harley Race
89%
Road Warrior Hawk
87%
Road Warrior Animal
85%
Tully Blanchard
77%
Wahoo McDaniel
77%
Barry Windham
74%
Magnum T.A.
74%
Nikita Koloff
68%
Ronnie Garvin
57%
Bobby Eaton
53%
No matching quizzes found
Score Distribution
Percent of People with Each Score
Percentile by Number Answered
Your Score History
You have not taken this quiz